000 00275nam a2200121Ia 4500
008 231129s9999||||xx |||||||||||||| ||spa||
040 _bspa
082 _a930.1 D184c
100 _aDaniel Glyn
245 0 _aEl concepto de prehistoria
264 _aLabor
942 _2ddc
_cBKS
999 _c10635
_d10635